Statistics for BMW Cars by Picture

Click here to take the quiz!

General Stats

  • This quiz has been taken 816 times
  • The average score is 12 of 37

Answer Stats

Answer% Correct
M3
80%
X5
80%
M4
79%
M2
78%
M5
78%
X3
75%
X6
74%
X4
73%
M6
72%
I8
70%
I3
63%
F39
60%
F30
21%
F20
17%
F31
17%
F32
16%
F21
15%
F33
15%
F34
15%
F35
14%
F22
13%
F36
13%
G30
13%
F12
12%
F13
11%
G31
11%
F45
10%
F16
9%
F46
9%
F52
9%
G11
9%
G12
9%
F06
7%
F84
7%
G01
6%
G02
6%
G05
6%

Score Distribution

Percentile by Number Answered

Percent of People with Each Score

Your Score History

You have not taken this quiz